000 00224nam a2200097Ia 4500
008 190216s9999||||xx |||||||||||||| ||und||
100 _aNull
245 0 _aHindi-Bijali Ke Prabosh
260 _bNational Book Stall
942 _cBK
999 _c17243
_d17243